| 000 | 00754cam a2200217 4500 | ||
|---|---|---|---|
| 001 | ABS64992 | ||
| 008 | 020213n2001 000 0 eng u | ||
| 035 | _a(Sirsi) u116713 | ||
| 100 | _aHumberstone, J. | ||
| 245 | _aWhat am I looking at? How to read buildings | ||
| 260 | _c2001 | ||
| 490 |
_aRICS Building Conservation Journal _vSummer 2001, 20-21(3) |
||
| 520 | _aArticle details how to pick up vital information about a building, in order to inform the surveyor of its history and current state of repair. | ||
| 590 | _aABS | ||
| 650 | _aDEFECTS | ||
| 650 | _aBUILDING CONSERVATION | ||
| 650 | _aDISREPAIR | ||
| 650 | _aBUILDINGS | ||
| 690 | _aBUILT ENVIRONMENT-BUILDING MAINTENANCE AND REFURBISHMENT-BUILDING CONSERVATION | ||
| 942 | _n0 | ||
| 999 |
_c69518 _d69518 |
||